000 00781nam a22002297a 4500
003 OSt
005 20230112111809.0
008 230112b |||||||| |||| 00| 0 eng d
020 _a978 85 99501 18 4
040 _cBiblioteca Lado V
082 _a700.74
_bY22b
100 _9506
_aYañez, Camilo
_ecurador
245 _a7ma Bienal do mercosul/
260 _aBrazil
_bFundacao Bienal do Mercosul
_c2009
300 _a576p.
_c21x30cm
650 _2Tesauro de Arte & Arquitectura
_aARTE CONTEMPORANEO
650 _2Tesauro de Arte & Arquitectura
_aARTE VISUAL
650 _2Tesauro de Arte & Arquitectura
_aARTE BRASILEÑO
650 _2Tesauro de Arte & Arquitectura
_aBRASIL
700 _aNoorthoorn, Victoria
_ecurador
942 _2ddc
_c1
_h700.74
_iY22b
_n0
999 _c2744
_d2744